「板」がつく駅名 - Statistics

General Stats
  • This quiz has been taken 207 times
  • The average score is 9 of 20
Answer Stats
Hint Answer % Correct
東京都 板橋
98%
東京都 板橋区役所前
82%
東京都 上板橋
75%
東京都 下板橋
68%
徳島県 板野
67%
東京都 板橋本町
67%
東京都 新板橋
66%
栃木県 矢板
64%
東京都 中板橋
63%
群馬県 板倉東洋大前
47%
山形県 板谷
44%
兵庫県 板宿
39%
栃木県 板荷
32%
徳島県 板東
25%
青森県 板柳
23%
神奈川県 箱根板橋
20%
福岡県 大板井
14%
山口県 板持
10%
鹿児島県 薩摩板敷
10%
岩手県 浪板海岸
10%
No matching quizzes found
Score Distribution
Percent of People with Each Score
Percentile by Number Answered
Your Score History
You have not taken this quiz